00875nam a2200229 a 4500001000800000005001700008008004100025041000800066044000700074050002200081100002600103245008800129260008900217300003800306500004400344504003200388650005200420651004400472942001100516999001500527952010300542BRL_19020190320210628.0800213s1984----ec-ac#####---#000-0#spa-# aspa aec 4aCT3290b.E77 19841 aEstrada, Jenny92317910aMujeres de Guayaquilbsiglo XVI al siglo XX (índice biográfico)cJenny Estrada. aGuayaquil, EcuadorbBanco Central del Ecuador : Archivo Histórico del Guayasc1984 axi, 332 p.bil., retratosc20 cm. aDonación de Juan Castro y Velázquez aBibliografía : p. 328-33114aMujeresvBiografíazGuayaquil, Ecuador923180 4aGuayaquil (Ecuador)vBiografía923181 2lcccB c9003d9003 00104070aBRLbBRLd2012-12-12l0oCT3290 .E77 1984p00001_1r2019-03-22 00:00:00w2019-03-22yB